A educação corporativa no contexto do controle externo : (Record no. 1156)

MARC details
000 -LÍDER
Campo Fixo de Controle 00979nam a2200229 a 4500
001 - NÚMERO DE CONTROLE
Campo de Controle 1156
003 - IDENTIFICAÇÃO DO NÚMERO DE CONTROLE
Campo de Controle BR-CuiBMT
005 - DATA E HORA DA ÚLTIMA ATUALIZAÇÃO
Campo de Controle 20231217151026.0
008 - DADOS FIXOS
Dados Fixos 230725s2013 rjba 100 0 por d
040 ## - AGÊNCIA CATALOGADORA
Código da Agência Catalogadora BR-CuiBMT
Agência que transcreveu o registro BR-CuiBMT
080 ## - Nº DA CLASSIFICAÇÃO DECIMAL UNIVERSAL
Nº edição CDU 2007
Nº Class. CDU 37.018.4
Subd. Auxiliar Comum (062)
090 ## - NÚMERO DE CHAMADA
Nº classificação 37.018.4(062)
Cutter E56e
111 2# - ENTRADA PRINCIPAL -- EVENTO
Nome do evento ou lugar Encontro Técnico de Educação Corporativa dos Tribunais de Contas
Número da parte/seção do evento (2. :
Data da realização do evento 2011 :
Local de realização do evento Rio de Janeiro, RJ)
245 12 - TÍTULO PRINCIPAL
Título principal A educação corporativa no contexto do controle externo :
Subtítulo desafios e perspectivas : 10 a 12 de agosto de 2011 /
Indicação de responsabilidade organizador Paulo Cesar Bessa Neves.
246 #3 - FORMAS VARIANTES DO TÍTULO
Título principal Anais do encontro técnico de educação corporativa dos tribunais de contas
260 ## - PUBLICAÇÃO, DISTRIBUIÇÃO, ETC.
Local de publicação Rio de Janeiro :
Editora ECG TCE-RJ,
Data 2013.
300 ## - DESCRIÇÃO FÍSICA
N. páginas ou volumes 256 p. :
Ilustrações il. ;
Dimensões 23 cm
650 ## - ASSUNTO TÓPICO
Cabeçalho tópico ou nome geográfico Educação corporativa
Subdivisão geral Tribunal de contas
-- Congressos
Subdivisão geográfica Rio de Janeiro
650 ## - ASSUNTO TÓPICO
Cabeçalho tópico ou nome geográfico Educação corporativa
Subdivisão geral Congressos
Subdivisão geográfica Brasil
700 1# - ENTRADA SECUNDÁRIA -- NOME PESSOAL
Nome pessoal Neves, Paulo Cesar Bessa
Cód. do termo explicativo org.
942 ## - ELEMENTOS DE ENTRADA ADICIONAIS (KOHA)
Fonte de classificação ou esquema de arquivamento Classificação Decimal Universal
Tipo de item do Koha Livros
Holdings
Estado: removido Estado: perdido Fonte de classificação ou esquema de arquivamento Estado: danificado Indisponível para empréstimo Localização permanente Localização atual Data de aquisição Total Checkouts Número de Chamada completo Código de barras Date last seen Número do exemplar Preço efetivo a partir de Tipo de item (Koha)
    Classificação Decimal Universal     Biblioteca da Escola Superior de Contas do TCE/MT Biblioteca da Escola Superior de Contas do TCE/MT 30/11/2023   37.018.4(062) E56e BIBTCEMT23111352 30/11/2023 Ex. 1 30/11/2023 Livros

Powered by Koha